000
00332nam a2200145Ia 4500
008
230917s9999||||xx |||||||||||||| ||und||
040
_e
108917
_a
MAIN
041
_a
English
082
_a
332.452 I2E
100
_a
ICFAI
245
4
_a
The economics of gold
260
_a
Hyderabad
_b
ICFAI
_c
2003
300
_a
203 p.
942
_c
BK
999
_c
123069
_d
123069